| 000 | 01318cam a22003494a 4500 | ||
|---|---|---|---|
| 001 | 13923104 | ||
| 003 | OSt | ||
| 005 | 20140310181720.0 | ||
| 008 | 050407s2005 nyu 000 0 eng | ||
| 010 | _a 2005047449 | ||
| 020 | _a0143036343 | ||
| 040 |
_aDLC _cDLC _dDLC |
||
| 041 | 1 |
_aeng _hger |
|
| 042 | _apcc | ||
| 050 | 0 | 0 |
_aB 3313 _b.N677 1979 |
| 082 | 0 | 0 |
_aIB 109 _bG79n 2005 |
| 100 | 1 |
_aNietzsche, Friedrich Wilhelm. _d1844-1900. |
|
| 240 | 1 | 0 |
_aGötzendämmerung. _lEnglish |
| 245 | 1 | 0 |
_aWhy I am so wise / _cTranslated by R.J. Hollingdale |
| 260 |
_aNew York : _bPenguin Books, _c2005. |
||
| 300 |
_a89 p. : _c18 cm. |
||
| 440 | 0 | _aGreat ideas | |
| 650 | 0 | _aPhilosophy. | |
| 856 | 4 | 2 |
_3Contributor biographical information _uhttp://www.loc.gov/catdir/enhancements/fy1204/2005047449-b.html |
| 856 | 4 | 2 |
_3Publisher description _uhttp://www.loc.gov/catdir/enhancements/fy1204/2005047449-d.html |
| 856 | 4 | 1 |
_3Sample text _uhttp://www.loc.gov/catdir/enhancements/fy1204/2005047449-s.html |
| 856 | 4 | 1 |
_3Table of contents only _uhttp://www.loc.gov/catdir/enhancements/fy1204/2005047449-t.html |
| 906 |
_a7 _bcbc _corignew _d1 _eocip _f20 _gy-gencatlg |
||
| 942 |
_2lcc _cBK |
||
| 999 |
_c1944 _d1944 |
||